| 000 | 02514cgm a2200613Ii 4500 | ||
|---|---|---|---|
| 001 | on1282246604 | ||
| 003 | OCoLC | ||
| 005 | 20220210114516.0 | ||
| 007 | vd cvaizu | ||
| 008 | 211103s2021 cau118 e vleng d | ||
| 010 | _abe2021027544 | ||
| 020 | _a9786318638098 | ||
| 020 | _a6318638091 | ||
| 024 | 1 | _a883929781065 | |
| 024 | 7 |
_a00883929781065 _2gtin-14 |
|
| 028 | 4 | 2 |
_a781065 _bWarner Bros. Entertainment |
| 035 |
_a(OCoLC)1282246604 _z(OCoLC)1284930841 _z(OCoLC)1284931420 |
||
| 040 |
_aDV1 _beng _erda _cDV1 _dHHO _dSDG _dTEF _dKAA _dWACOL |
||
| 041 | 0 |
_aeng _heng |
|
| 043 | _an-us--- | ||
| 046 | _k2021 | ||
| 049 | _aWACL | ||
| 050 | 1 | 4 |
_aML420.T95 _bT56 2021 |
| 082 | 0 | 4 |
_a782.42166092 _aB _223/eng/20211029 |
| 092 |
_aDVD _bTina |
||
| 130 | 0 |
_aTina (Motion picture : 2021) _96434665 |
|
| 245 | 1 | 0 |
_aTina / _cproduced by Diane Becker, Jonathan Chinn, Simon Chinn ; written and directed by Dan Lindsay, T.J. Martin. |
| 264 | 1 |
_aBurbank, CA : _bWarner Bros. Entertainment, _c[2021] |
|
| 300 |
_a1 videodisc (118 min.) : _bsound, color ; _c4 3/4 in. |
||
| 336 | _atwo-dimensional moving image | ||
| 337 | _avideo | ||
| 338 | _avideodisc | ||
| 500 | _a"An HBO original"--Container. | ||
| 500 | _aWide screen. | ||
| 511 | 0 | _aParticipants: Tina Turner, Angela Bassett, Oprah Winfrey, Kurt Loder, Katori Hall. | |
| 520 | _aProfiles the life and career of Tina Turner, featuring her personal reflections, archival interviews, and contributions from others. | ||
| 521 | 8 | _aMPAA rating: Not rated. | |
| 521 |
_aDVD _bMicroMarketing |
||
| 540 | _aFor private home use only. | ||
| 600 | 1 | 0 |
_aTurner, Tina. _919092 |
| 650 | 0 |
_aSingers _zUnited States _vBiography. _95674226 |
|
| 650 | 0 |
_aRock musicians _zUnited States _vBiography. _95711737 |
|
| 655 | 7 |
_aBiographical films. _2lcgft _9102649 |
|
| 655 | 7 |
_aDocumentary films. _2lcgft |
|
| 655 | 7 |
_aFeature films. _2lcgft |
|
| 655 | 7 |
_aNonfiction films. _2lcgft |
|
| 700 | 1 |
_aLindsay, Dan, _escreenwriter, _edirector. _96434666 |
|
| 700 | 1 |
_aMartin, T. J., _d1979- _escreenwriter, _edirector. _96434667 |
|
| 700 | 1 |
_aTurner, Tina, _eon-screen participant. _919092 |
|
| 700 | 1 |
_aBassett, Angela, _eon-screen participant. _961608 |
|
| 700 | 1 |
_aWinfrey, Oprah, _eon-screen participant. |
|
| 775 | 0 | 8 |
_iReproduction of (manifestation): _sTina (Motion picture : 2021) _tTina _dBurbank, CA : Warner Bros. Entertainment, [2021] _h1 videodisc (118 min.) : sound, color ; 4 3/4 in. _o883929781102 |
| 942 |
_2ddc _cDVD |
||
| 999 |
_c367882 _d367882 |
||